000
00228nam a22000857a 4500
008
161115b xxu||||| |||| 00| 0 eng d
100
_9
1203
_a
Rao. S. R
245
_a
Mohini and the Demon
260
_a
New Delhi
_b
National book trust
_c
2004
999
_c
3894
_d
3894